21世紀阪神タイガース外国人選手 - Statistics

General Stats
  • This quiz has been taken 45 times
  • The average score is 30 of 92
Answer Stats
在籍年数 選手名 % Correct
2010~2019 メッセンジャー
91%
2016~2019,2025~ ドリス
85%
2010~2015 マートン
82%
2023~2024 ノイジー
76%
2023~2024 ミエセス
76%
2019~2022 マルテ
74%
2014~2016 ゴメス
71%
2019 ジョンソン
68%
2026 ディベイニー
68%
2020~2021 サンズ
68%
2025 デュプランティエ
65%
2005~2007 シーツ
65%
2009~2012 ブラゼル
65%
2016~2018 マテオ
62%
2025 ヘルナンデス
62%
2003~2009 ウィリアムス
59%
2020~2021 スアレス
59%
2024~2025 ゲラ
56%
2002~2004 アリアス
56%
2018 ロサリオ
56%
2020 ボーア
56%
2014~2015 呉昇桓
53%
2010~2013 スタンリッジ
50%
2022~2023 ケラー
47%
2023 ケラー
47%
2026 ラグズデール
47%
2008~2009 バルディリス
47%
2013 コンラッド
47%
2019 ソラーテ
47%
2026 ルーカス
44%
2026 モレッタ
44%
2009 メンチ
44%
2020~2022 ガンケル
41%
2018~2019 ナバーロ
41%
2023~2025 ビーズリー
38%
2004 キンケード
38%
2024~ マルティネス
38%
2008 フォード
35%
2019~2020 ガルシア
32%
2021~2022 チェン・ウェイン
32%
2016 ヘイグ
32%
2005~2006 スペンサー
32%
2017 メンデス
29%
2025 ネルソン
29%
2022 ロドリゲス
29%
2007~2008 ボーグルソン
26%
2007 ジャン
26%
2008~2009 アッチソン
26%
2025 ハートウィグ
26%
2021~2022 アルカンタラ
24%
2021~2022 ロハス・ジュニア
24%
2024~2025 ベタンセス
24%
2025~ アルナエス
24%
2002~2003 ムーア
21%
2005~2007 ダーウィン
21%
2006 オクスプリング
21%
2010 フォッサム
21%
2013 ボイヤー
21%
2016 サターホワイト
21%
2022 ウィルカーソン
21%
2017 キャンベル
21%
2017 ロジャース
21%
2023 ブルワー
18%
2001 ペレス
18%
2002 ホワイト
18%
2015~2016 ペレス
18%
2017 メンドーサ
15%
2018~2020 呂彦青
15%
2020~2021 エドワーズ
15%
2003~2004 リガン
12%
2008~2009 リーソップ
12%
2009~2012 鄭凱文
12%
2015 サンティアゴ
12%
2018 モレノ
12%
2000~2002 ハンセル
9%
2001~2002 カーライル
9%
2005 ブラウン
9%
2011~2013 ザラテ
9%
2001 クルーズ
9%
2011 ベキオナチ
9%
2002 バルデス
6%
2004 モレル
6%
2025~ コンスグエラ
6%
2003 ポート
3%
2004 ホッジス
3%
2004 マイヤーズ
3%
2001~2002 エバンス
3%
2008 オヘイダ
3%
投手 投手
0%
内野手 内野手
0%
外野手 外野手
0%
育成 育成
0%
No matching quizzes found
Score Distribution
Percent of People with Each Score
Percentile by Number Answered
Your Score History
You have not taken this quiz